[Event "10th Tournament of Peace"]
[Site "Zagreb CRO"]
[Date "2024.11.21"]
[Round "1.1"]
[White "Saric, Ibro"]
[Black "Jovanovic, Zoran"]
[Result "1/2-1/2"]
[WhiteElo "2513"]
[BlackElo "2520"]
[EventDate "2024.11.21"]
[PlyCount "37"]

1.e4 d6 2.d4 Nf6 3.f3 e5 4.dxe5 dxe5 5.Qxd8+ Kxd8 6.Bc4 Ke8 7.Be3 Nbd7 8.
Nd2 Bc5 9.Kf2 a5 10.a4 Ke7 11.Ne2 Bxe3+ 12.Kxe3 Nc5 13.Nc1 Rd8 14.Ndb3 
Nfd7 15.Nxc5 Nxc5 16.Nb3 Nxb3 17.Bxb3 Be6 18.Bxe6 Kxe6 19.Rhd1 1/2-1/2

[Event "10th Tournament of Peace"]
[Site "Zagreb CRO"]
[Date "2024.11.21"]
[Round "1.2"]
[White "Hracek, Zbynek"]
[Black "Kozul, Zdenko"]
[Result "1/2-1/2"]
[WhiteElo "2541"]
[BlackElo "2511"]
[EventDate "2024.11.21"]
[PlyCount "25"]

1.e4 c5 2.Nf3 d6 3.d4 cxd4 4.Nxd4 Nf6 5.Nc3 a6 6.Be3 e5 7.Nb3 Be7 8.f3 h5 
9.Be2 Nbd7 10.a4 O-O 11.O-O h4 12.Rf2 b6 13.Bc4 1/2-1/2

[Event "10th Tournament of Peace"]
[Site "Zagreb CRO"]
[Date "2024.11.21"]
[Round "1.3"]
[White "Ivanchuk, Vasyl"]
[Black "Palac, Mladen"]
[Result "1/2-1/2"]
[WhiteElo "2640"]
[BlackElo "2446"]
[EventDate "2024.11.21"]
[PlyCount "72"]

1.c4 e6 2.Nc3 c5 3.Nf3 Nf6 4.d4 cxd4 5.Nxd4 d5 6.Bf4 Nbd7 7.Qa4 Bc5 8.Nb3 
O-O 9.Nxc5 Nxc5 10.Qa3 b6 11.Rd1 Bb7 12.e3 Qe7 13.Be2 Rfd8 14.O-O e5 15.
Bg5 d4 16.Bxf6 Qxf6 17.Nd5 Bxd5 18.cxd5 a5 19.Bc4 g6 20.f3 Nb7 21.exd4 
exd4 22.Qd3 b5 23.Bxb5 Rxd5 24.Bc4 Rd7 25.Rfe1 Rc8 26.b3 Kg7 27.Qe4 Nc5 
28.Qe5 d3 29.Rd2 Qxe5 30.Rxe5 Kf6 31.Re3 Rd4 32.Kf2 a4 33.Bxd3 axb3 34.
axb3 Rb8 35.Ke2 Rxb3 36.Bc2 Rxe3+ 1/2-1/2

[Event "10th Tournament of Peace"]
[Site "Zagreb CRO"]
[Date "2024.11.21"]
[Round "1.4"]
[White "Fedorchuk, Sergei"]
[Black "Grigoriants, Sergei"]
[Result "1/2-1/2"]
[WhiteElo "2571"]
[BlackElo "2531"]
[EventDate "2024.11.21"]
[PlyCount "41"]

1.e4 e5 2.Nf3 Nc6 3.Bb5 Nf6 4.O-O Nxe4 5.Re1 Nd6 6.Nxe5 Be7 7.Bf1 Nxe5 8.
Rxe5 O-O 9.d4 Ne8 10.Nc3 Bf6 11.Re1 d5 12.Bf4 c6 13.Be5 Bxe5 14.Rxe5 f6 
15.Re1 Nd6 16.Bd3 Bf5 17.Bxf5 Nxf5 18.Qd3 Qd7 19.Re2 Rae8 20.Rae1 Nd6 21.
Rxe8 1/2-1/2

[Event "10th Tournament of Peace"]
[Site "Zagreb CRO"]
[Date "2024.11.21"]
[Round "1.5"]
[White "Stevic, Hrvoje"]
[Black "Zelcic, Robert"]
[Result "1/2-1/2"]
[WhiteElo "2548"]
[BlackElo "2454"]
[EventDate "2024.11.21"]
[PlyCount "31"]

1.c4 c6 2.d4 d5 3.cxd5 cxd5 4.Nc3 Nc6 5.Bf4 Bf5 6.e3 e6 7.Bd3 Bxd3 8.Qxd3 
Bd6 9.Bxd6 Qxd6 10.Nf3 Nf6 11.O-O O-O 12.Rac1 Rfc8 13.Ne2 Ne7 14.Rxc8+ 
Rxc8 15.Rc1 Rxc1+ 16.Nxc1 1/2-1/2

[Event "10th Tournament of Peace"]
[Site "Zagreb CRO"]
[Date "2024.11.22"]
[Round "2.1"]
[White "Jovanovic, Zoran"]
[Black "Zelcic, Robert"]
[Result "1/2-1/2"]
[WhiteElo "2520"]
[BlackElo "2454"]
[EventDate "2024.11.21"]
[PlyCount "40"]

1.e4 c6 2.Nf3 d5 3.Nc3 Bg4 4.h3 Bxf3 5.Qxf3 e6 6.Be2 Nf6 7.O-O Nbd7 8.d4 
dxe4 9.Nxe4 Nxe4 10.Qxe4 Nf6 11.Qd3 Bd6 12.Rd1 Qc7 13.Bf3 Bh2+ 14.Kh1 Bf4 
15.c4 O-O 16.Bxf4 Qxf4 17.Qe3 Qd6 18.Qb3 Rab8 19.Kg1 Rfd8 20.Qc3 Rd7 
1/2-1/2

[Event "10th Tournament of Peace"]
[Site "Zagreb CRO"]
[Date "2024.11.22"]
[Round "2.2"]
[White "Grigoriants, Sergei"]
[Black "Stevic, Hrvoje"]
[Result "1/2-1/2"]
[WhiteElo "2531"]
[BlackElo "2548"]
[EventDate "2024.11.21"]
[PlyCount "45"]

1.d4 d5 2.Nf3 Nf6 3.c4 dxc4 4.e3 e6 5.Bxc4 c5 6.O-O a6 7.dxc5 Bxc5 8.Qxd8+
Kxd8 9.Be2 Ke7 10.b3 Bd7 11.Ne5 Bb5 12.Bxb5 axb5 13.Nd3 Nbd7 14.Bb2 Rhc8 
15.Rc1 g6 16.Kf1 Nd5 17.Nc3 Nxc3 18.Rxc3 Bd6 19.Rxc8 Rxc8 20.Rc1 Rxc1+ 21.
Bxc1 f5 22.Bb2 e5 23.f3 1/2-1/2

[Event "10th Tournament of Peace"]
[Site "Zagreb CRO"]
[Date "2024.11.22"]
[Round "2.3"]
[White "Palac, Mladen"]
[Black "Fedorchuk, Sergei"]
[Result "1/2-1/2"]
[WhiteElo "2446"]
[BlackElo "2571"]
[EventDate "2024.11.21"]
[PlyCount "25"]

1.d4 Nf6 2.c4 e6 3.Nf3 Bb4+ 4.Bd2 Bxd2+ 5.Qxd2 d5 6.g3 O-O 7.Bg2 c6 8.O-O 
Nbd7 9.Rc1 b6 10.cxd5 cxd5 11.Na3 Ba6 12.Ne5 Nxe5 13.dxe5 1/2-1/2

[Event "10th Tournament of Peace"]
[Site "Zagreb CRO"]
[Date "2024.11.22"]
[Round "2.4"]
[White "Kozul, Zdenko"]
[Black "Ivanchuk, Vasyl"]
[Result "0-1"]
[WhiteElo "2511"]
[BlackElo "2640"]
[EventDate "2024.11.21"]
[PlyCount "98"]

1.d4 Nf6 2.c4 e6 3.g3 c5 4.d5 exd5 5.cxd5 d6 6.Nc3 g6 7.Bg2 Bg7 8.Nf3 O-O 
9.O-O Re8 10.Nd2 Nbd7 11.a4 a6 12.a5 b5 13.axb6 Nxb6 14.Nb3 Bf5 15.Na5 Ne4
16.Ra3 Qd7 17.Re1 h5 18.f3 Nxc3 19.bxc3 Qc7 20.c4 Bd7 21.Bd2 Rab8 22.f4 
Nc8 23.Nc6 Rb2 24.Rxa6 Ne7 25.Qc1 Nxc6 26.dxc6 Bf5 27.e4 Bc8 28.Ra3 Bd4+ 
29.Be3 Rxg2+ 30.Kxg2 Rxe4 31.Bxd4 Rxd4 32.Qe3 Qxc6+ 33.Kf2 Be6 34.Rd3 Rxc4
35.Qd2 d5 36.Rb3 d4 37.Rb8+ Kg7 38.Qe2 Qd5 39.Rb2 Ra4 40.Qe5+ Qxe5 41.Rxe5
c4 42.Rb7 Kf6 43.Rc7 c3 44.Kf3 Ra2 45.Ke4 Rd2 46.Rc6 c2 47.h3 d3 48.Ke3 
Rd1 49.Rec5 Kg7 0-1

[Event "10th Tournament of Peace"]
[Site "Zagreb CRO"]
[Date "2024.11.22"]
[Round "2.5"]
[White "Saric, Ibro"]
[Black "Hracek, Zbynek"]
[Result "1/2-1/2"]
[WhiteElo "2513"]
[BlackElo "2541"]
[EventDate "2024.11.21"]
[PlyCount "36"]

1.d4 d5 2.c4 dxc4 3.Nf3 Nf6 4.e3 e6 5.Bxc4 c5 6.O-O Nc6 7.Qe2 a6 8.dxc5 
Bxc5 9.a3 b5 10.Bd3 Bb7 11.b4 Bd6 12.Bb2 Qb8 13.Nbd2 O-O 14.Bxf6 gxf6 15.
Ne4 Be7 16.Rac1 Ra7 17.Nc5 Ba8 18.Rfd1 Rd8 1/2-1/2

[Event "10th Tournament of Peace"]
[Site "Zagreb CRO"]
[Date "2024.11.23"]
[Round "3.1"]
[White "Hracek, Zbynek"]
[Black "Jovanovic, Zoran"]
[Result "1/2-1/2"]
[WhiteElo "2541"]
[BlackElo "2520"]
[EventDate "2024.11.21"]
[PlyCount "35"]

1.e4 d6 2.d4 Nf6 3.Nc3 e5 4.Nf3 Nbd7 5.Bc4 Be7 6.O-O O-O 7.a4 c6 8.Re1 b6 
9.d5 cxd5 10.Nxd5 Bb7 11.b3 Rc8 12.Re2 Nc5 13.Nxf6+ Bxf6 14.Bd5 Bxd5 15.
Qxd5 Qd7 16.Be3 Qe6 17.Qxe6 fxe6 18.Bxc5 1/2-1/2

[Event "10th Tournament of Peace"]
[Site "Zagreb CRO"]
[Date "2024.11.23"]
[Round "3.2"]
[White "Ivanchuk, Vasyl"]
[Black "Saric, Ibro"]
[Result "1/2-1/2"]
[WhiteElo "2640"]
[BlackElo "2513"]
[EventDate "2024.11.21"]
[PlyCount "108"]

1.e4 e5 2.Nf3 Nc6 3.Bb5 a6 4.Ba4 Nf6 5.O-O Be7 6.Re1 b5 7.Bb3 O-O 8.c3 d6 
9.h3 Nb8 10.d4 Nbd7 11.Nbd2 Bb7 12.Bc2 Re8 13.a4 c5 14.d5 c4 15.b3 cxb3 
16.Nxb3 Qc7 17.Re2 Nb6 18.axb5 axb5 19.Bd2 Rxa1 20.Qxa1 Ra8 21.Qc1 Nc4 22.
Be1 Nd7 23.Bd3 Ndb6 24.g4 Bc8 25.Kg2 Bd7 26.Qb1 Qc8 27.Nh2 h5 28.f3 Bg5 
29.Nf1 g6 30.Nbd2 Kg7 31.Nxc4 Nxc4 32.Ra2 hxg4 33.hxg4 Rxa2+ 34.Qxa2 Ne3+ 
35.Nxe3 Bxe3 36.Qe2 Qc5 37.Bd2 Bxd2 38.Qxd2 Qc8 39.Be2 f6 40.Qa2 Qc7 41.
Qa8 Qb6 42.Qa3 Kh6 43.Qc1+ Kg7 44.g5 Qd8 45.gxf6+ Qxf6 46.Qe3 Kf8 47.Qh6+ 
Ke7 48.Kg3 g5 49.Qxf6+ Kxf6 50.Bf1 Kg6 51.Bh3 Bxh3 52.Kxh3 Kh6 53.Kg3 Kh5 
54.Kh3 Kh6 1/2-1/2

[Event "10th Tournament of Peace"]
[Site "Zagreb CRO"]
[Date "2024.11.23"]
[Round "3.3"]
[White "Fedorchuk, Sergei"]
[Black "Kozul, Zdenko"]
[Result "1/2-1/2"]
[WhiteElo "2571"]
[BlackElo "2511"]
[EventDate "2024.11.21"]
[PlyCount "35"]

1.e4 c5 2.Nf3 d6 3.d4 cxd4 4.Nxd4 Nf6 5.Nc3 Nc6 6.Bg5 e6 7.Qd3 Qb6 8.O-O-O
Qxd4 9.Qxd4 Nxd4 10.Rxd4 a6 11.Be2 Bd7 12.Rhd1 Bc6 13.f3 Be7 14.Kb1 d5 15.
exd5 Nxd5 16.Nxd5 Bxd5 17.Bxe7 Kxe7 18.c4 1/2-1/2

[Event "10th Tournament of Peace"]
[Site "Zagreb CRO"]
[Date "2024.11.23"]
[Round "3.4"]
[White "Stevic, Hrvoje"]
[Black "Palac, Mladen"]
[Result "1/2-1/2"]
[WhiteElo "2548"]
[BlackElo "2446"]
[EventDate "2024.11.21"]
[PlyCount "40"]

1.e4 c5 2.Nf3 d6 3.d4 cxd4 4.Nxd4 Nf6 5.Nc3 a6 6.Bg5 e6 7.f4 Qb6 8.Qd2 
Qxb2 9.Rb1 Qa3 10.f5 Nc6 11.fxe6 Bxe6 12.Rxb7 Nxd4 13.Qxd4 Be7 14.Be2 Rc8 
15.Nd5 Nxd5 16.Qxg7 Bf6 17.Bxf6 Qc1+ 18.Bd1 Qe3+ 19.Be2 Qc1+ 20.Bd1 Qe3+ 
1/2-1/2

[Event "10th Tournament of Peace"]
[Site "Zagreb CRO"]
[Date "2024.11.23"]
[Round "3.5"]
[White "Zelcic, Robert"]
[Black "Grigoriants, Sergei"]
[Result "1/2-1/2"]
[WhiteElo "2454"]
[BlackElo "2531"]
[EventDate "2024.11.21"]
[PlyCount "30"]

1.e4 e6 2.d4 d5 3.Nc3 Nf6 4.Bg5 h6 5.Bxf6 Qxf6 6.exd5 Bb4 7.dxe6 Bxe6 8.
Nf3 O-O 9.Be2 c5 10.O-O Bxc3 11.bxc3 Rd8 12.Qb1 Nc6 13.dxc5 Qxc3 14.Bd3 
Qxc5 15.Re1 Rd7 1/2-1/2

[Event "10th Tournament of Peace"]
[Site "Zagreb CRO"]
[Date "2024.11.24"]
[Round "4.1"]
[White "Jovanovic, Zoran"]
[Black "Grigoriants, Sergei"]
[Result "1/2-1/2"]
[WhiteElo "2520"]
[BlackElo "2531"]
[EventDate "2024.11.21"]
[PlyCount "42"]

1.e4 e6 2.d4 d5 3.Nd2 c5 4.exd5 Qxd5 5.Ngf3 cxd4 6.Bc4 Qd7 7.O-O a6 8.Nb3 
Nc6 9.Nbxd4 Nxd4 10.Qxd4 Qxd4 11.Nxd4 Nf6 12.Be2 Bd7 13.Bf3 O-O-O 14.Bf4 
Ba4 15.Rad1 Bc5 16.Nb3 Bb6 17.Be5 Rhg8 18.g3 Rxd1 19.Rxd1 Bc7 20.Bxf6 Bxb3
21.axb3 gxf6 1/2-1/2

[Event "10th Tournament of Peace"]
[Site "Zagreb CRO"]
[Date "2024.11.24"]
[Round "4.2"]
[White "Palac, Mladen"]
[Black "Zelcic, Robert"]
[Result "1/2-1/2"]
[WhiteElo "2446"]
[BlackElo "2454"]
[EventDate "2024.11.21"]
[PlyCount "24"]

1.e4 c5 2.Nf3 Nc6 3.Nc3 Nf6 4.d4 cxd4 5.Nxd4 e5 6.Ndb5 d6 7.Bg5 a6 8.Na3 
b5 9.Nd5 Qa5+ 10.Bd2 Qd8 11.Bg5 Qa5+ 12.Bd2 Qd8 1/2-1/2

[Event "10th Tournament of Peace"]
[Site "Zagreb CRO"]
[Date "2024.11.24"]
[Round "4.3"]
[White "Kozul, Zdenko"]
[Black "Stevic, Hrvoje"]
[Result "1/2-1/2"]
[WhiteElo "2511"]
[BlackElo "2548"]
[EventDate "2024.11.21"]
[PlyCount "29"]

1.d4 d5 2.c4 dxc4 3.Nf3 Nf6 4.e3 e6 5.Bxc4 c5 6.O-O a6 7.dxc5 Qxd1 8.Rxd1 
Bxc5 9.Be2 b6 10.Nbd2 Bb7 11.Nb3 Be7 12.Nfd4 Nbd7 13.f3 Rc8 14.e4 g6 15.
Bf1 1/2-1/2

[Event "10th Tournament of Peace"]
[Site "Zagreb CRO"]
[Date "2024.11.24"]
[Round "4.4"]
[White "Saric, Ibro"]
[Black "Fedorchuk, Sergei"]
[Result "1/2-1/2"]
[WhiteElo "2513"]
[BlackElo "2571"]
[EventDate "2024.11.21"]
[PlyCount "29"]

1.Nf3 Nf6 2.c4 b6 3.g3 c5 4.Bg2 Bb7 5.O-O g6 6.Nc3 Bg7 7.d4 cxd4 8.Qxd4 d6
9.Be3 Nbd7 10.Rac1 a6 11.Rfd1 Rb8 12.b3 O-O 13.Qh4 Re8 14.Nd4 Bxg2 15.Kxg2
1/2-1/2

[Event "10th Tournament of Peace"]
[Site "Zagreb CRO"]
[Date "2024.11.24"]
[Round "4.5"]
[White "Hracek, Zbynek"]
[Black "Ivanchuk, Vasyl"]
[Result "1/2-1/2"]
[WhiteElo "2541"]
[BlackElo "2640"]
[EventDate "2024.11.21"]
[PlyCount "58"]

1.e4 e5 2.Nf3 Nc6 3.Bb5 d6 4.d4 exd4 5.Nxd4 Bd7 6.O-O g6 7.Nc3 Bg7 8.Be3 
Nf6 9.f3 O-O 10.Re1 Re8 11.Qd2 a6 12.Bf1 b5 13.Nxc6 Bxc6 14.Rad1 Nd7 15.
Bd4 Bxd4+ 16.Qxd4 Qg5 17.g3 Re7 18.Bg2 Rae8 19.Kf2 Re5 20.f4 Qf6 21.Bf3 g5
22.fxe5 Nxe5 23.Re3 g4 24.Nd5 Bxd5 25.exd5 gxf3 26.Kf1 Qf5 27.Rd2 f6 28.
Rf2 Kf7 29.Qe4 Qh5 1/2-1/2

[Event "10th Tournament of Peace"]
[Site "Zagreb CRO"]
[Date "2024.11.25"]
[Round "5.1"]
[White "Ivanchuk, Vasyl"]
[Black "Jovanovic, Zoran"]
[Result "1-0"]
[WhiteElo "2640"]
[BlackElo "2520"]
[EventDate "2024.11.21"]
[PlyCount "119"]

1.e4 e5 2.Nf3 Nf6 3.d4 Nxe4 4.Bd3 d5 5.Nxe5 Nd7 6.Nc3 Nxe5 7.dxe5 Nxc3 8.
bxc3 Bc5 9.O-O O-O 10.Re1 Qh4 11.Be3 Bxe3 12.Rxe3 c5 13.Qd2 Qh6 14.Rf1 d4 
15.cxd4 cxd4 16.Re2 Qxd2 17.Rxd2 Be6 18.Be4 Rac8 19.Rxd4 b6 20.f4 Rc5 21.
Ra4 a5 22.Rb1 Rb8 23.Kf2 g6 24.Ke3 Kg7 25.g3 f6 26.exf6+ Kxf6 27.Bd3 Rb7 
28.Kd2 Rb8 29.Rd4 b5 30.Rd6 Kf7 31.Re1 Bg4 32.Ra6 Rh5 33.h4 a4 34.a3 Rb7 
35.Kc3 Rd5 36.Re5 Rc7+ 37.Kb4 Rd4+ 38.Kxb5 Bd7+ 39.Ka5 Rc3 40.Ra7 Kf6 41.
Ra6+ Kf7 42.h5 Rxa3 43.hxg6+ hxg6 44.Bxg6+ Kf8 45.Ra8+ Kg7 46.Rg5 Kf6 47.
Ra6+ Ke7 48.Re5+ Kd8 49.Bd3 Rc3 50.Ra8+ Kc7 51.Ra7+ Kd8 52.Bb5 a3 53.Bxd7 
Rxd7 54.Ra8+ Kc7 55.Kb4 Rxc2 56.Rxa3 Rd4+ 57.Kb5 Rd1 58.Rc5+ Rxc5+ 59.Kxc5
Kd7 60.Re3 1-0

[Event "10th Tournament of Peace"]
[Site "Zagreb CRO"]
[Date "2024.11.25"]
[Round "5.2"]
[White "Fedorchuk, Sergei"]
[Black "Hracek, Zbynek"]
[Result "1/2-1/2"]
[WhiteElo "2571"]
[BlackElo "2541"]
[EventDate "2024.11.21"]
[PlyCount "59"]

1.e4 e5 2.Nf3 Nc6 3.Bb5 a6 4.Ba4 Nf6 5.O-O Be7 6.Re1 b5 7.Bb3 O-O 8.c3 d5 
9.exd5 Nxd5 10.Nxe5 Nxe5 11.Rxe5 c6 12.d3 Bd6 13.Re1 Bf5 14.Qf3 Qh4 15.g3 
Qh3 16.Nd2 Rae8 17.Ne4 Bg4 18.Qg2 Qxg2+ 19.Kxg2 f5 20.Bf4 Bxf4 21.gxf4 
fxe4 22.dxe4 Bf3+ 23.Kxf3 Rxf4+ 24.Kg3 Rfxe4 25.Rxe4 Rxe4 26.Rc1 Kf8 27.c4
Ne7 28.Kf3 Re5 29.cxb5 axb5 30.a4 1/2-1/2

[Event "10th Tournament of Peace"]
[Site "Zagreb CRO"]
[Date "2024.11.25"]
[Round "5.3"]
[White "Stevic, Hrvoje"]
[Black "Saric, Ibro"]
[Result "1/2-1/2"]
[WhiteElo "2548"]
[BlackElo "2513"]
[EventDate "2024.11.21"]
[PlyCount "45"]

1.e4 e5 2.Nf3 Nc6 3.Bb5 a6 4.Ba4 Nf6 5.O-O Nxe4 6.d4 b5 7.Bb3 d5 8.dxe5 
Be6 9.c3 Be7 10.Nbd2 Nc5 11.Bc2 d4 12.Nb3 d3 13.Bb1 Nxb3 14.axb3 Bf5 15.
Be3 O-O 16.Nd4 Nxd4 17.cxd4 c5 18.Bxd3 cxd4 19.Bxd4 Qxd4 20.Bxf5 Qxb2 21.
Be4 Rad8 22.Qc2 Qxc2 23.Bxc2 1/2-1/2

[Event "10th Tournament of Peace"]
[Site "Zagreb CRO"]
[Date "2024.11.25"]
[Round "5.4"]
[White "Zelcic, Robert"]
[Black "Kozul, Zdenko"]
[Result "1-0"]
[WhiteElo "2454"]
[BlackElo "2511"]
[EventDate "2024.11.21"]
[PlyCount "113"]

1.e4 c5 2.Nf3 d6 3.d4 cxd4 4.Nxd4 Nf6 5.Nc3 a6 6.Be2 e5 7.Nf3 Be7 8.O-O 
O-O 9.a4 h6 10.Be3 Be6 11.Nd2 Qc7 12.Bf3 Nbd7 13.a5 Rac8 14.Qe2 Nh7 15.
Rfd1 Bg5 16.Nf1 Bxe3 17.Nxe3 Ndf6 18.h4 Rfd8 19.Qd2 g5 20.Na4 g4 21.Be2 
Nxe4 22.Qb4 Nhf6 23.Bxg4 Bxg4 24.Nxg4 Qxc2 25.Nxf6+ Nxf6 26.Qxb7 Ng4 27.
Rf1 d5 28.Nc3 d4 29.Nd5 Rb8 30.Ne7+ Kf8 31.Qf3 Kxe7 32.Qxg4 Rxb2 33.Rac1 
Qg6 34.Qf3 d3 35.Rc5 Qd6 36.Rc6 Qd5 37.Qf6+ Kd7 38.Rxa6 d2 39.Rd1 Rc8 40.
Ra7+ Rc7 41.Rxc7+ Kxc7 42.Qe7+ Kb8 43.a6 h5 44.Kh2 Ka8 45.a7 Qa5 46.Qxf7 
Qa4 47.Qxh5 Kxa7 48.g3 Qd4 49.Qf3 Kb6 50.h5 Kc5 51.Kg2 Kc4 52.h6 Rb6 53.h7
Rh6 54.Rb1 Rxh7 55.Qc6+ Qc5 56.Qe4+ Kc3 57.Qxh7 1-0

[Event "10th Tournament of Peace"]
[Site "Zagreb CRO"]
[Date "2024.11.25"]
[Round "5.5"]
[White "Grigoriants, Sergei"]
[Black "Palac, Mladen"]
[Result "1-0"]
[WhiteElo "2531"]
[BlackElo "2446"]
[EventDate "2024.11.21"]
[PlyCount "199"]

1.d4 Nf6 2.c4 e6 3.Nc3 Bb4 4.e3 O-O 5.Bd3 d5 6.a3 dxc4 7.Bxc4 Bd6 8.Nf3 
Nc6 9.e4 e5 10.d5 Ne7 11.h3 Bd7 12.O-O a6 13.Re1 h6 14.Be3 Rc8 15.Nd2 b5 
16.Bf1 c6 17.dxc6 Bxc6 18.Qf3 Nh7 19.a4 Rb8 20.axb5 axb5 21.Red1 Qc8 22.
Nc4 bxc4 23.Rxd6 Rxb2 24.Qg3 Ng6 25.Bxc4 Bxe4 26.Bxf7+ Rxf7 27.Nxe4 Nf4 
28.Bxf4 exf4 29.Qd3 Rb8 30.Rd4 Qe6 31.Ra6 Qb3 32.Rd8+ Rf8 33.Qxb3+ Rxb3 
34.Rd7 Nf6 35.Nxf6+ Rxf6 36.Rxf6 gxf6 37.Rd4 Kf7 38.Rxf4 h5 39.Kh2 Kg6 40.
Re4 f5 41.Rc4 Kg5 42.Rc8 Rb2 43.Rg8+ Kf4 44.f3 h4 45.Rh8 Kg5 46.f4+ Kxf4 
47.Rxh4+ Kg5 48.Rh8 Rb3 49.Rg8+ Kf6 50.h4 Kf7 51.Rg3 Rb6 52.Kh3 Rb1 53.Rc3
Rh1+ 54.Kg3 Kf6 55.Rc6+ Kf7 56.Rh6 Kg7 57.Rh5 Kg6 58.Rg5+ Kf6 59.Rg8 Kf7 
60.Rd8 Kf6 61.Rd6+ Kf7 62.Rd4 Kg6 63.Rf4 Ra1 64.Rb4 Rh1 65.Rc4 Kf6 66.Kf2 
Kg6 67.g3 Ra1 68.Kf3 Rf1+ 69.Kg2 Ra1 70.Rc6+ Kg7 71.Kf3 Rf1+ 72.Ke2 Rg1 
73.Kf2 Rh1 74.Rd6 Ra1 75.Kg2 Rb1 76.Kf3 Rf1+ 77.Ke3 f4+ 78.gxf4 Rh1 79.Ke4
Rxh4 80.Ke5 Rh5+ 81.f5 Rh1 82.Rd7+ Kf8 83.Ke6 Re1+ 84.Kf6 Ke8 85.Rh7 Rf1 
86.Rh8+ Kd7 87.Rf8 Ra1 88.Kf7 Rh1 89.f6 Rh7+ 90.Kg6 Rh1 91.Ra8 Rg1+ 92.Kf7
Rh1 93.Kg7 Rg1+ 94.Kf8 Rf1 95.f7 Rg1 96.Ra7+ Kd8 97.Ra4 Kd7 98.Rd4+ Kc6 
99.Ke7 Re1+ 100.Kf6 1-0

[Event "10th Tournament of Peace"]
[Site "Zagreb CRO"]
[Date "2024.11.26"]
[Round "6.1"]
[White "Jovanovic, Zoran"]
[Black "Palac, Mladen"]
[Result "1/2-1/2"]
[WhiteElo "2520"]
[BlackElo "2446"]
[EventDate "2024.11.21"]
[PlyCount "27"]

1.e4 c5 2.Nc3 d6 3.Nge2 Nf6 4.g3 g6 5.Bg2 Nc6 6.h3 Bg7 7.d3 Rb8 8.O-O O-O 
9.Bg5 b5 10.a3 a5 11.Qd2 b4 12.axb4 axb4 13.Nd5 Nd7 14.c3 1/2-1/2

[Event "10th Tournament of Peace"]
[Site "Zagreb CRO"]
[Date "2024.11.26"]
[Round "6.2"]
[White "Kozul, Zdenko"]
[Black "Grigoriants, Sergei"]
[Result "0-1"]
[WhiteElo "2511"]
[BlackElo "2531"]
[EventDate "2024.11.21"]
[PlyCount "50"]

1.d4 d5 2.c4 c6 3.Nf3 Nf6 4.Nc3 dxc4 5.e4 b5 6.Be2 e6 7.O-O Bb7 8.Rb1 Qc7 
9.a3 a5 10.e5 Nd5 11.Ng5 h6 12.Nge4 Nd7 13.Bh5 N7b6 14.Qg4 g6 15.Bxg6 fxg6
16.Qxe6+ Kd8 17.Qxg6 Qh7 18.Qh5 Nxc3 19.Nf6 Qxb1 20.bxc3 Be7 21.Be3 Qc2 
22.Rc1 Qb2 23.d5 Nxd5 24.Rd1 Kc7 25.Qf7 Qxa3 0-1

[Event "10th Tournament of Peace"]
[Site "Zagreb CRO"]
[Date "2024.11.26"]
[Round "6.3"]
[White "Saric, Ibro"]
[Black "Zelcic, Robert"]
[Result "1/2-1/2"]
[WhiteElo "2513"]
[BlackElo "2454"]
[EventDate "2024.11.21"]
[PlyCount "111"]

1.e4 c6 2.d4 d5 3.exd5 cxd5 4.Bd3 Nc6 5.c3 Qc7 6.h3 e6 7.Nf3 Bd6 8.O-O 
Nge7 9.Re1 Bd7 10.a4 O-O 11.Na3 a6 12.Nc2 f6 13.c4 dxc4 14.Bxc4 Nd5 15.Ne3
Nce7 16.Qb3 Bc6 17.Bd2 Kh8 18.Nxd5 Bxd5 19.Bxd5 exd5 20.Re6 Rfd8 21.Rae1 
Ng6 22.Kh1 Qf7 23.Qxd5 Be5 24.Qb3 Nf8 25.Rb6 Qxb3 26.Rxb3 Bxd4 27.Rxb7 Ng6
28.Nxd4 Rxd4 29.Bb4 h6 30.a5 Ne5 31.Bc3 Rd5 32.f4 Nc6 33.Rc7 Rd6 34.Re4 
Rad8 35.Rc4 Nd4 36.Rc8 Rxc8 37.Rxc8+ Kh7 38.Rb8 Ne2 39.Rb6 Rd1+ 40.Kh2 
Nxc3 41.bxc3 Rc1 42.Rc6 h5 43.Kg3 Kg6 44.Kf3 h4 45.Kg4 Rc2 46.f5+ Kh6 47.
Rxa6 Rxg2+ 48.Kf4 Rf2+ 49.Kg4 Ra2 50.Kxh4 Ra4+ 51.Kg3 Rc4 52.Rb6 Rxc3+ 53.
Kg4 Rc4+ 54.Kg3 Rc3+ 55.Kg4 Rc4+ 56.Kg3 1/2-1/2

[Event "10th Tournament of Peace"]
[Site "Zagreb CRO"]
[Date "2024.11.26"]
[Round "6.4"]
[White "Hracek, Zbynek"]
[Black "Stevic, Hrvoje"]
[Result "1/2-1/2"]
[WhiteElo "2541"]
[BlackElo "2548"]
[EventDate "2024.11.21"]
[PlyCount "52"]

1.e4 e5 2.Nf3 Nc6 3.Bb5 g6 4.d4 exd4 5.Bg5 Be7 6.Bxe7 Qxe7 7.O-O Qb4 8.
Bxc6 dxc6 9.Qxd4 Qxd4 10.Nxd4 Ne7 11.Nc3 c5 12.Ndb5 Kd7 13.Na3 Kc6 14.Nc4 
f6 15.Na5+ Kb6 16.Nc4+ Kc6 17.Rad1 Be6 18.Nd5 Nxd5 19.exd5+ Bxd5 20.Na5+ 
Kb6 21.Rxd5 Kxa5 22.Rxc5+ Kb6 23.Rc3 Rhe8 24.Rb3+ Kc6 25.Rc3+ Kb6 26.Rb3+ 
Kc6 1/2-1/2

[Event "10th Tournament of Peace"]
[Site "Zagreb CRO"]
[Date "2024.11.26"]
[Round "6.5"]
[White "Ivanchuk, Vasyl"]
[Black "Fedorchuk, Sergei"]
[Result "1-0"]
[WhiteElo "2640"]
[BlackElo "2571"]
[EventDate "2024.11.21"]
[PlyCount "67"]

1.Nf3 Nf6 2.c4 b6 3.Nc3 Bb7 4.d4 e6 5.g3 Bb4 6.Bd2 O-O 7.Bg2 d5 8.cxd5 
exd5 9.O-O a5 10.a3 Be7 11.Bf4 Na6 12.Qb3 c5 13.Rfd1 c4 14.Qb5 Qc8 15.Ne5 
Bd8 16.b3 Nc7 17.Qa4 b5 18.Nxb5 Nxb5 19.Qxb5 Ba6 20.Qa4 cxb3 21.Qxb3 Bxe2 
22.Rdc1 Qa6 23.Rc6 Qa7 24.Qe3 Ba6 25.Bg5 Bb7 26.Rcc1 Re8 27.Rab1 h6 28.
Bxf6 gxf6 29.Qb3 fxe5 30.Qxb7 Qxb7 31.Rxb7 e4 32.Rc5 Be7 33.Rxd5 Rad8 34.
Rxe7 1-0

[Event "10th Tournament of Peace"]
[Site "Zagreb CRO"]
[Date "2024.11.27"]
[Round "7.1"]
[White "Fedorchuk, Sergei"]
[Black "Jovanovic, Zoran"]
[Result "1/2-1/2"]
[WhiteElo "2571"]
[BlackElo "2520"]
[EventDate "2024.11.21"]
[PlyCount "40"]

1.e4 e5 2.Nf3 Nc6 3.Bc4 Nf6 4.d3 Be7 5.Nc3 d6 6.a4 O-O 7.O-O a5 8.h3 Be6 
9.Bxe6 fxe6 10.Ne2 h6 11.c3 Qd7 12.Ng3 Rf7 13.Qe2 Raf8 14.d4 exd4 15.cxd4 
d5 16.e5 Nh7 17.Be3 Nb4 18.Rfc1 b6 19.Rc3 c6 20.b3 Bg5 1/2-1/2

[Event "10th Tournament of Peace"]
[Site "Zagreb CRO"]
[Date "2024.11.27"]
[Round "7.2"]
[White "Stevic, Hrvoje"]
[Black "Ivanchuk, Vasyl"]
[Result "0-1"]
[WhiteElo "2548"]
[BlackElo "2640"]
[EventDate "2024.11.21"]
[PlyCount "91"]

1.e4 c5 2.c3 Nf6 3.e5 Nd5 4.Nf3 d6 5.d4 cxd4 6.Bc4 dxe5 7.Nxe5 e6 8.Qxd4 
Be7 9.Bb5+ Nd7 10.Nxd7 Bxd7 11.Qxg7 Bf6 12.Bxd7+ Qxd7 13.Qg3 h5 14.Qf3 
O-O-O 15.O-O Be5 16.c4 Nb4 17.Nc3 Qc6 18.Qxc6+ Nxc6 19.Be3 Bxc3 20.bxc3 
Rd3 21.Rfc1 Rhd8 22.Kf1 Ne5 23.Bxa7 Nxc4 24.Bc5 R8d5 25.Bb4 e5 26.Rc2 f5 
27.Re1 f4 28.Rce2 Kd7 29.f3 Ke6 30.Kf2 b5 31.g3 Ne3 32.Rxe3 fxe3+ 33.Rxe3 
Rd1 34.Re2 R5d2 35.a3 Rxe2+ 36.Kxe2 Rh1 37.h4 Rh2+ 38.Kf1 Kf5 39.Bc5 Rc2 
40.Bb4 e4 41.fxe4+ Kxe4 42.Ke1 Kd3 43.Kf1 Ke3 44.Kg1 Kf3 45.Bd6 Rxc3 46.
Kh2 0-1

[Event "10th Tournament of Peace"]
[Site "Zagreb CRO"]
[Date "2024.11.27"]
[Round "7.3"]
[White "Zelcic, Robert"]
[Black "Hracek, Zbynek"]
[Result "1/2-1/2"]
[WhiteElo "2454"]
[BlackElo "2541"]
[EventDate "2024.11.21"]
[PlyCount "39"]

1.e4 c5 2.Nf3 d6 3.Bb5+ Bd7 4.Bxd7+ Nxd7 5.O-O Ngf6 6.Re1 e6 7.c3 Be7 8.d4
O-O 9.e5 Ne8 10.Bf4 Rc8 11.exd6 Bxd6 12.Bxd6 Nxd6 13.Nbd2 cxd4 14.Nxd4 Nc5
15.N2b3 Qc7 16.Nxc5 Qxc5 17.Qe2 Rfd8 18.Rad1 h6 19.h3 a6 20.Nf3 1/2-1/2

[Event "10th Tournament of Peace"]
[Site "Zagreb CRO"]
[Date "2024.11.27"]
[Round "7.5"]
[White "Palac, Mladen"]
[Black "Kozul, Zdenko"]
[Result "1/2-1/2"]
[WhiteElo "2446"]
[BlackElo "2511"]
[EventDate "2024.11.21"]
[PlyCount "21"]

1.e4 c5 2.Nf3 d6 3.d4 cxd4 4.Nxd4 Nf6 5.Nc3 Nc6 6.Bc4 Qb6 7.Nb3 e6 8.Bf4 
Ne5 9.Be2 a6 10.a4 Qc7 11.O-O 1/2-1/2